| 000 | 00748 a2200241 4500 | ||
|---|---|---|---|
| 003 | Nust | ||
| 005 | 20170207154052.0 | ||
| 010 | _a 2008016224 | ||
| 020 | _a0816070083 | ||
| 020 | _a9780816070084 | ||
| 035 | _a(OCoLC)ocn223107232 | ||
| 040 | _cNust | ||
| 082 | 0 | 0 | _a570.3 |
| 100 | 1 | _aCullen, Katherine E. | |
| 245 | 1 | 0 |
_aEncyclopedia of life science(E-BOOK) _cKatherine Cullen. |
| 260 |
_aNew York : _bFacts On File, _cc2009. |
||
| 300 |
_a2 v. (xii, 806 p., 29 p.) : _bill. (chiefly col.), col. map ; _c29 cm. |
||
| 490 | 1 | _aFacts on File science library | |
| 650 | 0 | _aLife sciences | |
| 651 | _aE-BOOK | ||
| 830 | 0 | _aFacts on File science library. | |
| 856 | 4 | 1 |
_3Table of contents only _uhttp://www.loc.gov/catdir/toc/ecip0815/2008016224.html |
| 942 |
_2ddc _cBK |
||
| 999 |
_c193178 _d193178 |
||